000 00665nam a22002172 4500
001 0000020111
005 20151217152208.0
008 110704s xx 000 0 eng d
020 _a0697150208 :
040 _aKABU
_cKABU
100 1 _aBenson, Harold J.
_@0000180190
245 1 0 _aHuman anatomy :
_blaboratory textbook /
_cHarold J. Benson, Kathleen P. Talaro.
250 _a4th ed.
260 _aOxford :
_bWCB.,
_c1993.
300 _ax, 358 p.
650 0 _aHuman anatomy
_xLaboratory manuals.
_@0000180191
700 1 _aTalaro, Kathleen P.
_@0000180192
852 1 _9p400 KES
908 _a110704
950 _@1
999 _c9189
_d9189